| 000 | 00607nam a22001937a 4500 | ||
|---|---|---|---|
| 999 |
_c13829 _d13829 |
||
| 003 | AR-CdUCM | ||
| 008 | 190416b ||||| |||| 00| 0 spa d | ||
| 040 |
_aMUNICIPALIDAD PROVINCIAL DEL CUSCO _cBIBLIOTECA MUNICIPAL DEL CUSCO |
||
| 082 |
_25ed. _a030 / _bC29 / 1970 |
||
| 100 |
_aCardenas, Eduardo _932388 |
||
| 245 | _aDiccionario Moderno / | ||
| 260 |
_aNew York : _bModerna, _c1970. |
||
| 300 |
_a606 paginas ; _bIlustraciones, _c18 cm. |
||
| 505 | _aContenido : Diccionario | ||
| 650 |
_aDiccionario Moderno _932389 |
||
| 650 |
_aCastellano _97963 |
||
| 942 |
_2ddc _cLIBROS |
||
| 945 |
_awnts _d2019-04-16 |
||